| 000 | 00675nam a2200229 i 4500 | ||
|---|---|---|---|
| 001 | 183223 | ||
| 003 | ES-MaACL | ||
| 005 | 20250902174832.0 | ||
| 008 | 140130s1988 sp |||| | spa d | ||
| 020 | _a84-86459-11-7 | ||
| 080 | _a17.023.34 | ||
| 100 | 1 |
_aSavater, Fernando, _d1947- _9104053 |
|
| 245 | 1 | 3 |
_aEl contenido de la felicidad / _cFernando Savater. |
| 250 | _a[4ª ed.]. | ||
| 260 | 0 |
_aMadrid : _bEl País, _c1988. |
|
| 300 |
_a157 p. ; _c21 cm. |
||
| 490 | 1 |
_aEn El País ; _v11 |
|
| 650 | 7 |
_aÉtica _2embne _912577 |
|
| 830 | 0 |
_aEn El País _v11 _9177689 |
|
| 852 |
_aES-MaACL _jL-30063 _z.- Donat. Miguel A. Velasco |
||
| 999 |
_c183223 _d183223 |
||